CTS certified technology specialist exam guide / (Record no. 18552)

MARC details
000 -LEADER
fixed length control field 01217cam a2200313 i 4500
005 - DATE AND TIME OF LATEST TRANSACTION
control field 20230601093022.0
008 - FIXED-LENGTH DATA ELEMENTS--GENERAL INFORMATION
fixed length control field 130604s2013 nyua 000 0 eng
010 ## - LIBRARY OF CONGRESS CONTROL NUMBER
LC control number 2013022661
020 ## - INTERNATIONAL STANDARD BOOK NUMBER
ISBN 9780071807968 (set)
020 ## - INTERNATIONAL STANDARD BOOK NUMBER
ISBN 0071807969 (set)
040 ## - CATALOGING SOURCE
Original cataloging agency DLC
Language of cataloging eng
Transcribing agency DLC
Description conventions rda
Modifying agency DLC
042 ## - AUTHENTICATION CODE
Authentication code pcc
082 00 - DEWEY DECIMAL CLASSIFICATION NUMBER
Classification number 621.38
Edition number 23
Item number GRI-C
100 1# - MAIN ENTRY--AUTHOR
Author Name Grimes, Brad.
245 10 - TITLE STATEMENT
Title CTS certified technology specialist exam guide /
Statement of responsibility, etc. Brad Grimes.
250 ## - EDITION STATEMENT
Edition statement Second edition.
260 ## - PUBLICATION, DISTRIBUTION, ETC.
Place of Publication USA
Name of publisher, distributor, etc. McGraw Hill
Date of publication, distribution, etc. 2013c
300 ## - PHYSICAL DESCRIPTION
Pages xxii, 600 pages, 16 pages of unnumbered plates :
336 ## - CONTENT TYPE
Content type term text
Source rdacontent
337 ## - MEDIA TYPE
Media type term unmediated
Source rdamedia
338 ## - CARRIER TYPE
Carrier type term volume
Source rdacarrier
650 #0 - SUBJECT ADDED ENTRY--TOPICAL TERM
Subject / Department Audio-visual equipment industry
General subdivision Employees
-- Certification.
650 #0 - SUBJECT ADDED ENTRY--TOPICAL TERM
Subject / Department Audio-visual equipment
General subdivision Examinations
Form subdivision Study guides.
700 1# - ADDED ENTRY--PERSONAL NAME
Personal name Laurik, Sven.
Title of a work CTS certified technology specialist exam guide
264 #1 - PRODUCTION, PUBLICATION, DISTRIBUTION, MANUFACTURE, AND COPYRIGHT NOTICE
Place of production, publication, distribution, manufacture New York :
Name of producer, publisher, distributor, manufacturer McGraw-Hill Education,
Date of production, publication, distribution, manufacture, or copyright notice 2013.
300 ## - PHYSICAL DESCRIPTION
-- illustrations (some color) ;
-- 24 cm
906 ## - LOCAL DATA ELEMENT F, LDF (RLIN)
a 7
b cbc
c orignew
d 1
e ecip
f 20
g y-gencatlg
952 ## - LOCATION AND ITEM INFORMATION (KOHA)
-- 0
-- 0
Holdings
Lost status Damaged status Collection code Permanent Location Current Location Shelving Location Date acquired Full Call Number Accession No./Barcode Date last seen item type Koha item type
    CS/IT Superior Information Resource Center (SIRC) Superior University- Gold Campus Superior Information Resource Center (SIRC) Superior University- Gold Campus Computer Science 06/01/2023 621.38 GRI-C 2013 19245 06/01/2023 BOOK BOOK

Powered by Koha